[Event "AUT Bundesliga Women 2021-22"]
[Site "Austria"]
[Date "2022.03.25"]
[Round "5.4"]
[White "Saler-Grafenberger, Elisabeth"]
[Black "Zechner, Andrea"]
[Result "1/2-1/2"]
[WhiteElo "1828"]
[BlackElo "1851"]
[Annotator "NA"]
[PlyCount "120"]
[EventDate "2021.11.06"]
[EventType "team-tourn"]
[EventCountry "AUT"]
[SourceTitle "playchess.com"]
[Source "ChessBase"]
[SourceQuality "1"]
[TimeControl "40/5400+30:1800+30"]

1. d4 {[%emt 0:00:05]} d5 {[%emt 0:00:13]} 2. Nf3 {[%emt 0:00:47]} Nf6 {[%emt 0:00:05]} 3. c4 {[%emt 0:01:24]} c6 {[%emt 0:03:08]} 4. Nc3 {[%emt 0:03:41]} dxc4 {[%emt 0:05:56]} 5. a4 {[%emt 0:01:41]} Bf5 {[%emt 0:00:48]} 6. Ne5 {[%emt 0:02:43]} Nbd7 {[%emt 0:06:42] 6...Nbd7 scores better than 6...e6.} 7. Nxc4 {[%emt 0:03:48]} Nb6 {[%emt 0:03:35]} 8. e3 {[%emt 0:02:09]} e6 {[%emt 0:06:23]} 9. Be2 {[%emt 0:04:18]} Nxc4 {[%emt 0:06:09]} 10. Bxc4 {[%emt 0:00:16]} Bd6 {[%emt 0:01:51]} 11. Bd3 {[%emt 0:09:16] [#]} Bg6 $146 {[%emt 0:08:45]} ({Predecessor:} 11... Bxd3 12. Qxd3 e5 13. O-O Qe7 14. Bd2 e4 15. Qe2 O-O 16. f3 exf3 17. gxf3 Nd5 {0-1 (41) Pyke,M (2218)-Goldenberg,I (2386) Melbourne 2008}) 12. Qc2 {[%emt 0:06:31]} e5 {[%emt 0:13:12]} 13. O-O {[%emt 0:06:41]} exd4 {[%emt 0:21:45]} 14. exd4 {[%emt 0:02:09]} O-O {[%emt 0:04:03]} 15. Bxg6 {[%emt 0:03:36]} hxg6 {[%emt 0:00:12]} 16. h3 {[%emt 0:03:58]} Bc7 {[%emt 0:00:56]} 17. Ne2 {[%emt 0:03:04]} Nd5 {[%emt 0:00:37]} 18. Qb3 {[%emt 0:06:23]} Qd6 {[%emt 0:02:00]} 19. g3 {[%emt 0:04:43]} Rab8 {[%emt 0:07:30]} 20. Nf4 {[%emt 0:01:50]} Rfd8 {[%emt 0:00:21]} 21. Nxd5 {[%emt 0:00:40]} Qxd5 {[%emt 0:00:13]} 22. Qxd5 {[%emt 0:00:36]} Rxd5 {[%emt 0:00:07]} 23. Rd1 {[%emt 0:12:58]} Rbd8 {[%emt 0:00:33]} 24. Be3 {[%emt 0:01:45]} Bb6 {[%emt 0:00:12]} 25. Kf1 {[%emt 0:05:36]} Bxd4 {[%emt 0:00:33]} 26. Bxd4 Rxd4 {[%emt 0:00:06]} 27. Rxd4 {[%emt 0:00:52]} Rxd4 {[%emt 0:00:04]} 28. Ke2 {[%emt 0:00:16]} Kf8 {[%emt 0:00:50]} 29. b3 {[%emt 0:02:11]} Ke7 {[%emt 0:00:44]} 30. Rc1 {[%emt 0:00:53]} Kd6 {[%emt 0:00:54]} 31. Ke3 {[%emt 0:00:45]} Rd5 {[%emt 0:00:44]} 32. f4 {[%emt 0:01:52]} Rh5 {[%emt 0:02:26]} 33. h4 {[%emt 0:01:08]} Rd5 {[%emt 0:00:35]} 34. Rc3 {[%emt 0:00:48]} b6 {[%emt 0:01:32]} 35. Ke4 {[%emt 0:01:15]} Rd1 {[%emt 0:00:42]} 36. Kf3 {[%emt 0:01:05]} c5 {[%emt 0:01:56]} 37. Re3 {[%emt 0:01:05]} a6 {[%emt 0:01:05]} 38. Ke2 {[%emt 0:01:08]} Rb1 {[%emt 0:00:50]} 39. Kd2 {[%emt 0:00:42]} b5 {[%emt 0:00:39]} 40. Kc2 {[%emt 0:00:39]} Rg1 {[%emt 0:00:22]} 41. axb5 {[%emt 0:30:58]} axb5 {[%emt 0:01:13]} 42. Kc3 {[%emt 0:00:00]} b4+ {[%emt 0:10:33]} 43. Kd3 {[%emt 0:00:00]} Kd5 {[%emt 0:06:33]} 44. Re5+ {[%emt 0:00:00]} Kc6 {[%emt 0:00:13]} 45. Re3 {[%emt 0:00:00]} f6 {[%emt 0:00:47]} 46. Kd2 {[%emt 0:00:00]} Rg2+ {[%emt 0:01:25]} 47. Kd1 {[%emt 0:00:00]} Kd5 {[%emt 0:01:47]} 48. Re7 {[%emt 0:00:00]} g5 {[%emt 0:07:43]} 49. hxg5 {[%emt 0:00:00]} Rxg3 {[%emt 0:00:58]} 50. Rxg7 {[%emt 0:00:00]} f5 {[%emt 0:02:49]} 51. Re7 {[%emt 0:00:00]} Rxb3 {[%emt 0:00:30]} 52. Re5+ {[%emt 0:00:09]} Kd4 {[%emt 0:00:26]} 53. Rxf5 {[%emt 0:00:22]} c4 {[%emt 0:00:30]} 54. g6 {[%emt 0:00:18]} Rg3 {[%emt 0:00:38]} 55. Rg5 {[%emt 0:00:26]} Rd3+ {[%emt 0:00:36]} 56. Ke2 {[%emt 0:00:31]} Re3+ {[%emt 0:00:24]} 57. Kf2 {[%emt 0:00:13]} ({Not} 57. Kd2 $2 c3+ 58. Kc1 Re1+ 59. Kc2 Kc4 $19) 57... Re8 {[%emt 0:01:15]} 58. f5 $11 {[%emt 0:00:25]} ({Not} 58. g7 $2 c3 59. f5 c2 $19) 58... Ke5 {[%emt 0:00:34]} 59. Rg4 {[%emt 0:00:53]} Kxf5 {[%emt 0:00:44]} 60. Rxc4 {[%emt 0:00:09]} Kxg6 {[%emt 0:00:48]} 1/2-1/2

[Event "AUT Bundesliga Women 2021-22"]
[Site "Austria"]
[Date "2022.03.25"]
[Round "5.5"]
[White "Zatonskih, Anna"]
[Black "Rozman, Monika"]
[Result "0-1"]
[WhiteElo "2403"]
[BlackElo "2094"]
[Annotator "TA"]
[PlyCount "94"]
[EventDate "2021.11.06"]
[EventType "team-tourn"]
[EventCountry "AUT"]
[SourceTitle "playchess.com"]
[Source "ChessBase"]
[SourceQuality "1"]

{[%evp 9,94,8,43,45,45,12,42,6,43,47,50,35,52,29,39,35,43,31,47,41,58,49,54,43,51,14,20,0,0,0,0,0,0,1,0,-14,0,0,37,0,5,-16,-6,0,0,-402,-362,-419,-385,-384,-384,-541,-533,-1064,-202,-179,-33,-33,-51,-177,-177,-177,-177,-161,-147,-201,0,-8,0,-279,-312,-302,-284,-573,-554,-558,-534,-626,-622,-1178,-1161,-12837,-12838,-12838,-12839,-12836,-12835]} 1. d4 d5 2. c4 c6 3. Nf3 Nf6 4. Nbd2 Bf5 5. Nh4 Bg6 6. Qb3 {D11: Slav Defence: 3 Nf3 sidelines and 3...Nf6 4 e3 Bg4.} Qc7 7. g3 e6 8. Bg2 {White is slightly better.} Be7 9. Nxg6 hxg6 10. O-O Nbd7 11. a3 {[#]} Rd8 $146 ({Predecessor:} 11... O-O 12. e4 dxe4 13. Nxe4 Nxe4 14. Bxe4 e5 15. dxe5 Nc5 16. Qc2 Qxe5 17. Bg2 Bf6 {½-½ (44) Schneider Zinner,H (2355)-Hapala,E (2040) Bad Gleichenberg 2013}) 12. Qc2 O-O 13. Rd1 Rfe8 14. b4 Bf8 15. Nb3 dxc4 16. Qxc4 e5 17. Bb2 Bd6 18. Rac1 Nb6 {To avoid d5} 19. Qc2 {[%cal Ob4b5]} e4 20. e3 {[%cal Ob4b5]} Nbd5 21. Nd2 {[%cal Rd2e4]} Qe7 22. Nc4 Ng4 23. h3 Nh6 (23... Ngf6 {looks sharper.} 24. Qe2 a6 25. h4 Qe6 26. Na5 Rb8) 24. Nxd6 (24. b5 {keeps more tension.} cxb5 25. Ne5 Nb6 26. Bxe4 Na4 27. Rb1) 24... Rxd6 25. Bc3 g5 26. Qb3 g4 {aiming for ...gxh3.} 27. b5 $2 {[%mdl 8192]} (27. h4 $1 $11 {and White is okay.}) 27... gxh3 $1 $19 28. Bxh3 Qg5 $1 29. bxc6 bxc6 30. Bb4 (30. Qc4 $142 Nxe3 31. Bd2 (31. fxe3 Qxg3+ 32. Bg2 Qxe3+ 33. Kh1 Nf5 34. Qf1 Ng3+ 35. Kh2 Nxf1+ 36. Bxf1 Rh6+ 37. Kg2 Qf3+ 38. Kg1 Rh1#)) 30... Rf6 31. Be1 Nf5 $2 (31... Qh5 32. Qc4 Qxh3) 32. Rxc6 {[#]} Rxc6 (32... Nxg3 $1 $19 {[%mdl 512]} 33. Rxf6 Nf5+ 34. Kf1 Nxf6 35. Bxf5 Qxf5) 33. Qxd5 $15 Rf6 34. Rb1 (34. Rc1 $1 $15) 34... Qh5 $19 35. Bg2 Rh6 {Threatens to win with ...Qh2+.} 36. Qd7 Ree6 (36... Re7 37. Qd8+ Kh7 38. Qd5 (38. Kf1 Rf6 $17) 38... Nxg3 39. Qxh5 Nxh5 40. Bb4 $17) 37. Rb5 {[#]} Qh2+ $2 {Really sharp!} ({Not} 37... a6 38. Re5 $15) (37... Qe2 $1 $19 {[%cal Re2e1]} 38. Rb1 (38. Rxf5 {leads to mate.} Qxe1+ 39. Bf1 Rh1+ 40. Kxh1 Qxf1+ 41. Kh2 Rh6+) 38... Nxg3 39. fxg3 Ref6 40. Qd8+ (40. Qe8+ $2 Kh7 $19) 40... Kh7 41. Bxe4+ {[#]} Rhg6 $1 42. Qxf6 (42. Bxg6+ $2 Kxg6 43. Qxf6+ Kxf6 $19) 42... gxf6) 38. Kf1 $11 Rhf6 $40 {[%csl Gh2][%cal Rf5g3][%mdl 128] Black attacks.} 39. Qc8+ $2 {[%mdl 8192]} (39. Rxf5 $1 $11 {and White stays safe.} Rxf5 40. d5) 39... Kh7 $19 {[%csl Gh2][%cal Rf5g3]} 40. Rxf5 Rxf5 41. Bxe4 $2 (41. Qc2 {might work better.} Qxg3 42. Bxe4 Rxe4 43. Qxe4) 41... Qh3+ {Black is clearly winning.} 42. Bg2 Qxg3 43. Qc2 Qg6 {And now ...Rxe3 would win.} 44. d5 Rxe3 {( -> ...Qa6+)} 45. d6 {[#]} Rxe1+ $1 46. Kxe1 Re5+ 47. Kd1 {[#]} Re1+ $3 {[%mdl 512] Weighted Error Value: White=0.80/Black=0.33} 0-1

[Event "AUT Bundesliga Women 2021-22"]
[Site "Austria"]
[Date "2022.03.25"]
[Round "5.6"]
[White "Mihelic, Vesna"]
[Black "Papp, Sarah"]
[Result "1-0"]
[WhiteElo "1875"]
[BlackElo "2301"]
[Annotator "TA"]
[PlyCount "169"]
[EventDate "2021.11.06"]
[EventType "team-tourn"]
[EventCountry "AUT"]
[SourceTitle "playchess.com"]
[Source "ChessBase"]
[SourceQuality "1"]

{[%evp 10,169,4,4,37,-15,-5,-28,0,0,6,0,2,-16,-20,-10,-6,8,12,11,5,-14,-6,-9,-10,-9,0,0,31,34,63,16,94,100,104,56,36,44,46,30,83,25,15,24,57,61,70,26,34,39,37,29,36,25,90,90,89,89,87,91,106,69,104,93,387,121,112,123,100,93,147,132,222,166,163,165,161,124,129,115,139,164,395,380,536,531,521,529,527,527,521,506,537,517,512,428,431,412,376,339,498,491,487,482,594,554,763,763,1495,600,744,717,1079,995,2186,2350,2164,2025,2209,779,2304,2066,2441,1553,3725,2971,2579,1887,2517,2298,1700,1252,1801,1408,4181,2234,2835,2720,4618,3837,2555,2393,29971,29971,5708,5957,29978,29979,29980,29981,29981,29982,29984,29985,29985,29986,29986,29987,29988,29989,29989,29990]} 1. e4 e6 2. d4 d5 3. exd5 exd5 4. Bd3 c5 5. c3 Nc6 6. Nf3 Bg4 {B22: Sicilian: 2 c3.} 7. Bb5 (7. dxc5 $14 Bxc5 8. O-O) 7... cxd4 $11 8. cxd4 Qa5+ {Black has an edge.} 9. Nc3 Bb4 {[#]} 10. Bxc6+ $146 ({Predecessor:} 10. Bd2 Bxc3 11. Qe2+ Nge7 12. Bxc3 Qc7 13. O-O O-O 14. h3 Bh5 15. g4 Bg6 16. Ne5 Nxe5 17. Qxe5 Qxe5 18. dxe5 {½-½ (67) Zalisnak,M-Orth,K Szeged 1994}) 10... bxc6 11. Qd3 Ne7 12. O-O f6 13. Bf4 O-O 14. Nd2 Bf5 15. Qg3 Ng6 16. Bd6 Bxd6 17. Qxd6 Rfd8 18. Qxc6 Rac8 {[#]} 19. Nb3 $1 Qb4 (19... Rxc6 20. Nxa5) 20. Qa4 (20. Qa6 $14) 20... Qb8 (20... Qxa4 $11 {remains equal.} 21. Nxa4 Nf4) 21. Rfe1 $16 Bc2 22. Qb5 (22. Qa3 $16) 22... Qxb5 $14 23. Nxb5 a6 24. Nc3 {Threatening Nc5.} Rb8 {[#]} (24... Bxb3 $11 {keeps the balance.} 25. axb3 Rb8) 25. Re2 (25. Nc5 $1 $16) 25... Bxb3 $11 26. axb3 Nf4 27. Rd2 Rd6 28. g3 (28. Ra5 $14) 28... Ne6 29. Ra5 Nc7 30. Rc5 Rd7 31. Na4 Re7 (31... Rxb3 $11 32. Rc6 Re7) 32. Rd3 $16 Rb4 33. Rc6 Nb5 34. Rxa6 {And now Rb6 would win.} Nxd4 35. Rb6 Ne2+ 36. Kf1 Rd4 {[%mdl 8192]} (36... Nc1 $16 {was called for.} 37. Rxd5 Rxb3) 37. Rxd4 $2 (37. Re3 $18 {is the precise move to win.} Rxe3 38. fxe3 Nxg3+ 39. hxg3) 37... Nxd4 $18 {[%mdl 4096] Endgame KRN-KRN} 38. Nc3 Rd7 39. b4 Nb3 (39... Nf3 $142) 40. Nb5 {aiming for Ke2.} Kf7 (40... Nd2+ $16 41. Ke2 Nc4 42. Rb8+ Kf7) 41. Nd6+ Ke7 42. Nf5+ Kd8 43. Ke1 g6 {[#]} 44. Ne3 ({Inferior is} 44. Rxf6 gxf5 45. Rxf5 d4 46. Rf8+ Ke7 $17) 44... d4 45. Nc4 f5 $2 (45... Rc7) 46. Na5 Nc1 (46... Re7+ $2 47. Kd1 Nxa5 48. bxa5 $18) (46... Na1 $142 47. Kd2 Ra7) 47. Kd2 Na2 48. Nc6+ Kc7 49. Ra6 Rd5 50. Ne7 Rd8 51. Rxa2 Kd6 {[#]} 52. Nxf5+ gxf5 {KR-KR} 53. Kd3 Rb8 54. Ra4 Ke5 (54... f4 $142 55. Kxd4 fxg3) 55. Ra5+ Kd6 56. Kc4 f4 57. Rd5+ Kc6 58. b5+ Kb6 59. Rd6+ (59. gxf4 $142 d3 60. Kxd3) 59... Kc7 60. Rxd4 fxg3 61. fxg3 Rf8 62. Rh4 Rf7 63. g4 Kb7 64. Kc5 Rc7+ 65. Kb4 Re7 66. h3 Kb6 67. Rh6+ Kb7 68. b6 Rg7 69. Kc5 Rg5+ 70. Kc4 {Threatens to win with Kd4.} Rg7 71. Kd4 Rd7+ 72. Ke5 {g5 is the strong threat.} Rg7 73. Kf5 Rd7 74. g5 Rd5+ 75. Kg4 Rd4+ 76. Kh5 Rd7 77. h4 {[%cal Bh3h4,Bh4h5,Bh5g6,Bg6g7][%mdl 32] Threatening mate with Re6.} Rg7 78. Rf6 {White mates.} Rd7 79. Kh6 Ka6 80. h5 Kb7 81. g6 hxg6 82. hxg6 Rd2 83. g7 Rg2 84. Kh7 Rh2+ 85. Rh6 {Weighted Error Value: White=0.24 (precise) /Black=0.38} 1-0

[Event "AUT Bundesliga Women 2021-22"]
[Site "Austria"]
[Date "2022.03.25"]
[Round "5.7"]
[White "Worek, Joanna"]
[Black "Goeschl, Ortrun"]
[Result "1-0"]
[WhiteElo "2267"]
[BlackElo "1898"]
[Annotator "NA"]
[PlyCount "47"]
[EventDate "2021.11.06"]
[EventType "team-tourn"]
[EventCountry "AUT"]
[SourceTitle "playchess.com"]
[Source "ChessBase"]
[SourceQuality "1"]
[TimeControl "40/5400+30:1800+30"]

1. e4 {[%emt 0:00:03]} Nc6 {[%emt 0:00:57]} 2. Nf3 {[%emt 0:00:50]} Nf6 {[%emt 0:03:53]} 3. e5 {[%emt 0:06:06]} Nd5 {[%emt 0:00:32]} 4. d4 {[%emt 0:06:36]} e6 {[%emt 0:00:26]} 5. c4 {[%emt 0:04:55]} Bb4+ {[%emt 0:03:18]} 6. Bd2 {[%emt 0:00:49]} Bxd2+ {[%emt 0:04:58]} 7. Qxd2 {[%emt 0:00:28]} Nb6 {[%emt 0:00:25]} 8. d5 {[%emt 0:10:07]} exd5 {[%emt 0:03:43]} 9. cxd5 {[%emt 0:00:07]} Ne7 {[%emt 0:00:18]} 10. d6 {[%emt 0:12:41]} Ng6 {[%emt 0:00:36]} 11. Nc3 {[%emt 0:03:14]} c6 {[%emt 0:02:11]} 12. Bd3 {[%emt 0:02:51]} a5 {[%emt 0:07:11]} 13. h4 {[%emt 0:04:16]} a4 {[%emt 0:04:15]} 14. h5 {[%emt 0:00:22]} Nf8 {[%emt 0:00:08]} 15. h6 {[%emt 0:02:23]} g6 {[%emt 0:00:36]} 16. Ne4 {[%emt 0:03:45]} Nd5 {[%emt 0:01:54]} 17. Bc4 {[%emt 0:01:42]} Ne6 {[%emt 0:00:42]} 18. Bxd5 {[%emt 0:00:21]} cxd5 {[%emt 0:00:09]} 19. Nf6+ {[%emt 0:00:32]} Kf8 {[%emt 0:00:04]} 20. Rc1 {[%emt 0:01:20]} b6 {[%emt 0:01:33]} 21. O-O {[%emt 0:03:30]} Ra5 {[%emt 0:01:25]} 22. Ng5 {[%emt 0:03:28]} d4 {[%emt 0:04:40]} 23. Nxe6+ {[%emt 0:02:03]} dxe6 {[%emt 0:02:38]} 24. Qxd4 {[%emt 0:01:16]} 1-0

[Event "AUT Bundesliga Women 2021-22"]
[Site "Austria"]
[Date "2022.03.25"]
[Round "5.8"]
[White "Zeber, Katja"]
[Black "Theissl-Pokorna, Regina"]
[Result "0-1"]
[WhiteElo "1625"]
[BlackElo "2296"]
[Annotator "NA"]
[PlyCount "42"]
[EventDate "2021.11.06"]
[EventType "team-tourn"]
[EventCountry "AUT"]
[SourceTitle "playchess.com"]
[Source "ChessBase"]
[SourceQuality "1"]
[TimeControl "40/5400+30:1800+30"]

1. e4 {[%emt 0:00:04]} e5 {[%emt 0:00:06]} 2. Nf3 {[%emt 0:00:15]} Nc6 {[%emt 0:00:06]} 3. Bc4 {[%emt 0:00:26]} Nf6 {[%emt 0:00:23]} 4. d3 {[%emt 0:00:42]} Be7 {[%emt 0:01:43]} 5. O-O {[%emt 0:01:14]} d6 {[%emt 0:00:37]} 6. h3 {[%emt 0:04:19]} Na5 {[%emt 0:02:55]} 7. Bb3 {[%emt 0:02:05]} Nxb3 {[%emt 0:00:06]} 8. axb3 {[%emt 0:00:09]} O-O {[%emt 0:01:17]} 9. Be3 {[%emt 0:02:26]} a6 {[%emt 0:03:32]} 10. Nc3 {[%emt 0:06:09]} c5 {[%emt 0:10:06]} 11. Ne2 {[%emt 0:08:53]} h6 {[%emt 0:01:41]} 12. Nd2 {[%emt 0:22:12]} d5 {[%emt 0:14:05]} 13. exd5 {[%emt 0:05:56]} Nxd5 {[%emt 0:00:17]} 14. Ne4 {[%emt 0:02:15]} f5 {[%emt 0:03:16]} 15. N4c3 {[%emt 0:06:20]} f4 {[%emt 0:02:06]} 16. Nxd5 {[%emt 0:14:36]} Qxd5 {[%emt 0:00:11]} 17. Nc3 {[%emt 0:01:55]} Qc6 {[%emt 0:01:46]} 18. Bd2 {[%emt 0:10:41]} f3 {[%emt 0:00:42]} 19. g3 {[%emt 0:08:08]} Bxh3 {[%emt 0:03:08]} 20. Re1 {[%emt 0:00:07]} Qe6 {[%emt 0:03:52]} 21. Ne4 {[%emt 0:01:11]} Bg2 {[%emt 0:00:50]} 0-1

[Event "AUT Bundesliga Women 2021-22"]
[Site "Austria"]
[Date "2022.03.25"]
[Round "5.9"]
[White "Mihok-Juhasz, Barbara"]
[Black "Motycakova, Monika"]
[Result "1-0"]
[WhiteElo "2275"]
[BlackElo "2102"]
[Annotator "ChessBase"]
[PlyCount "99"]
[EventDate "2021.11.06"]
[EventType "team-tourn"]
[EventCountry "AUT"]
[SourceTitle "playchess.com"]
[Source "ChessBase"]
[SourceQuality "1"]
[TimeControl "40/5400+30:1800+30"]

1. e4 {[%emt 0:00:05]} e5 {[%emt 0:00:05]} 2. Nf3 {[%emt 0:00:04]} Nc6 {[%emt 0:00:12]} 3. Bb5 {[%emt 0:00:05]} a6 {[%emt 0:00:04]} 4. Ba4 {[%emt 0:00:05]} Nf6 {[%emt 0:00:09]} 5. O-O {[%emt 0:00:07]} Be7 {[%emt 0:00:21]} 6. Bxc6 {[%emt 0:00:10]} dxc6 {[%emt 0:00:07]} 7. d3 {[%emt 0:00:04]} Nd7 {[%emt 0:00:19]} 8. Nbd2 {[%emt 0:00:17]} O-O {[%emt 0:00:32]} 9. Nc4 {[%emt 0:00:08]} f6 {[%emt 0:00:25]} 10. Nh4 {[%emt 0:00:18]} Nc5 {[%emt 0:01:09]} 11. Nf5 {[%emt 0:00:28]} Bxf5 {[%emt 0:00:10]} 12. exf5 {[%emt 0:00:05]} Qd5 {[%emt 0:00:25]} 13. Qg4 {[%emt 0:00:14]} Rfe8 {[%emt 0:01:15]} 14. Re1 {[%emt 0:03:21]} Rad8 {[%emt 0:00:34]} 15. Nd2 {[%emt 0:00:23]} Bf8 {[%emt 0:01:10]} 16. h3 {[%emt 0:02:08]} Kh8 {[%emt 0:22:06]} 17. a4 {[%emt 0:17:39]} a5 {[%emt 0:05:20]} 18. Ne4 {[%emt 0:09:36]} Qf7 {[%emt 0:17:25]} 19. Bd2 {[%emt 0:04:42]} b6 {[%emt 0:03:01]} 20. Qf3 {[%emt 0:19:18]} Rd5 {[%emt 0:06:36]} 21. Bc3 {[%emt 0:04:03]} Red8 {[%emt 0:01:33]} 22. g4 {[%emt 0:00:53]} Na6 {[%emt 0:08:44]} 23. Re2 {[%emt 0:08:00]} Bb4 {[%emt 0:01:15]} 24. h4 {[%emt 0:08:26]} c5 {[%emt 0:12:38]} 25. Nd2 {[%emt 0:06:00]} Bxc3 {[%emt 0:03:49]} 26. bxc3 {[%emt 0:00:05]} Nb8 {[%emt 0:00:28]} 27. Kg2 {[%emt 0:04:50]} Nc6 {[%emt 0:02:52]} 28. Nc4 {[%emt 0:01:52]} Ne7 {[%emt 0:02:10]} 29. Re4 {[%emt 0:03:13]} R5d7 {[%emt 0:02:11]} 30. Ne3 {[%emt 0:00:20]} Nd5 {[%emt 0:03:36]} 31. Nxd5 {[%emt 0:00:09]} Qxd5 {[%emt 0:01:03]} 32. Rae1 {[%emt 0:02:53]} Qa2 {[%emt 0:01:22]} 33. R1e2 {[%emt 0:00:25]} Qa1 {[%emt 0:02:36]} 34. Rc4 {[%emt 0:00:40]} Qd1 {[%emt 0:00:35]} 35. Qe3 {[%emt 0:00:39]} Kg8 {[%emt 0:01:01]} 36. g5 Rf8 {[%emt 0:00:21]} 37. g6 {[%emt 0:04:11]} h6 {[%emt 0:00:31]} 38. f4 {[%emt 0:00:12]} Rd5 {[%emt 0:00:41]} 39. Qf3 {[%emt 0:01:32]} c6 {[%emt 0:00:19]} 40. Rce4 {[%emt 0:00:15]} Qa1 {[%emt 0:00:41]} 41. fxe5 {[%emt 0:31:58]} Rxe5 {[%emt 0:03:47]} 42. Rxe5 {[%emt 0:00:00]} fxe5 {[%emt 0:00:07]} 43. Qxc6 {[%emt 0:00:00]} Qxc3 {[%emt 0:08:27]} 44. Qe6+ {[%emt 0:00:00]} Kh8 {[%emt 0:00:04]} 45. Qe7 {[%emt 0:00:00]} Kg8 {[%emt 0:01:44]} 46. Qe6+ {[%emt 0:00:00]} Kh8 {[%emt 0:00:05]} 47. Qd6 {[%emt 0:00:00]} Kg8 {[%emt 0:04:36]} 48. Qd5+ {[%emt 0:00:00]} Kh8 {[%emt 0:00:11]} 49. f6 {[%emt 0:00:00]} Qb4 {[%emt 0:06:12]} 50. c4 {[%emt 0:00:00]} 1-0

[Event "AUT Bundesliga Women 2021-22"]
[Site "Austria"]
[Date "2022.03.25"]
[Round "5.10"]
[White "Kurapova, Olga"]
[Black "Miturova, Magdalena"]
[Result "1/2-1/2"]
[WhiteElo "1893"]
[BlackElo "2205"]
[Annotator "NA"]
[PlyCount "60"]
[EventDate "2021.11.06"]
[EventType "team-tourn"]
[EventCountry "AUT"]
[SourceTitle "playchess.com"]
[Source "ChessBase"]
[SourceQuality "1"]
[TimeControl "40/5400+30:1800+30"]

1. e4 {[%emt 0:00:02]} e5 {[%emt 0:00:21]} 2. Nf3 {[%emt 0:00:09]} Nc6 {[%emt 0:00:06]} 3. Bb5 {[%emt 0:00:07]} a6 {[%emt 0:00:14]} 4. Bxc6 {[%emt 0:00:08]} dxc6 {[%emt 0:00:04]} 5. O-O {[%emt 0:00:06]} f6 {[%emt 0:00:25]} 6. d4 {[%emt 0:00:07]} exd4 {[%emt 0:00:10]} 7. Nxd4 {[%emt 0:00:04]} c5 {[%emt 0:00:10]} 8. Nb3 {[%emt 0:00:05]} Qxd1 {[%emt 0:00:22]} 9. Rxd1 {[%emt 0:00:06]} Bg4 {[%emt 0:01:24]} 10. f3 {[%emt 0:02:30]} Be6 {[%emt 0:00:21]} 11. Bf4 {[%emt 0:00:09]} c4 {[%emt 0:00:36]} 12. Nd4 {[%emt 0:00:59]} O-O-O {[%emt 0:01:00]} 13. Nc3 {[%emt 0:00:34]} Bf7 {[%emt 0:07:34]} 14. a4 {[%emt 0:06:50]} Ne7 {[%emt 0:02:44]} 15. Kf2 {[%emt 0:01:50]} Ng6 {[%emt 0:04:12]} 16. Be3 {[%emt 0:02:35]} Ne5 {[%emt 0:01:43]} 17. h3 {[%emt 0:00:16]} h5 {[%emt 0:05:12]} 18. Nf5 {[%emt 0:06:36]} Re8 {[%emt 0:02:47]} 19. Nd5 {[%emt 0:02:50]} g6 {[%emt 0:13:04]} 20. Ng3 {[%emt 0:10:19]} Bg7 {[%emt 0:03:35]} 21. a5 {[%emt 0:03:36]} Re6 {[%emt 0:03:32]} 22. f4 {[%emt 0:10:00]} h4 {[%emt 0:04:34]} 23. Ne2 {[%emt 0:06:10]} Nc6 {[%emt 0:01:31]} 24. Nec3 {[%emt 0:00:52]} Rhe8 {[%emt 0:06:01]} 25. Ra4 {[%emt 0:02:45]} f5 {[%emt 0:03:31]} 26. e5 {[%emt 0:03:37]} g5 {[%emt 0:01:23]} 27. Rxc4 {[%emt 0:03:53]} gxf4 {[%emt 0:02:54]} 28. Bxf4 {[%emt 0:01:56]} Bxe5 {[%emt 0:01:49]} 29. Bxe5 {[%emt 0:00:26]} Rxe5 {[%emt 0:00:11]} 30. Rxh4 {[%emt 0:00:34]} Rd8 {[%emt 0:06:21]} 1/2-1/2

[Event "AUT Bundesliga Women 2021-22"]
[Site "Austria"]
[Date "2022.03.25"]
[Round "5.11"]
[White "Exler, Veronika"]
[Black "Wielander, Magdalena"]
[Result "1-0"]
[WhiteElo "2089"]
[BlackElo "1178"]
[Annotator "NA"]
[PlyCount "27"]
[EventDate "2021.11.06"]
[EventType "team-tourn"]
[EventCountry "AUT"]
[SourceTitle "playchess.com"]
[Source "ChessBase"]
[SourceQuality "1"]
[TimeControl "40/5400+30:1800+30"]

1. e4 {[%emt 0:00:01]} e6 {[%emt 0:00:08]} 2. d4 {[%emt 0:00:05]} d5 {[%emt 0:00:12]} 3. Bd3 {[%emt 0:00:06]} c5 {[%emt 0:00:21]} 4. exd5 {[%emt 0:00:46]} exd5 {[%emt 0:00:35]} 5. Qe2+ {[%emt 0:01:41]} Be6 {[%emt 0:02:50]} 6. Nf3 {[%emt 0:03:15]} Nc6 {[%emt 0:06:26]} 7. O-O {[%emt 0:14:08]} Qe7 {[%emt 0:08:59]} 8. Bg5 {[%emt 0:18:44]} f6 {[%emt 0:09:13]} 9. Re1 {[%emt 0:01:09]} Nxd4 {[%emt 0:14:28]} 10. Nxd4 {[%emt 0:01:21]} cxd4 {[%emt 0:02:28]} 11. Bd2 {[%emt 0:15:29]} Bf7 {[%emt 0:06:58]} 12. Qg4 {[%emt 0:02:13]} Be6 {[%emt 0:04:44]} 13. Rxe6 {[%emt 0:00:21]} h5 {[%emt 0:01:40]} 14. Rxe7+ {[%emt 0:01:35]} 1-0

[Event "AUT Bundesliga Women 2021-22"]
[Site "Austria"]
[Date "2022.03.25"]
[Round "5.12"]
[White "Wolf, Elena"]
[Black "Moerwald, Miriam"]
[Result "0-1"]
[WhiteElo "1147"]
[BlackElo "1735"]
[Annotator "NA"]
[PlyCount "56"]
[EventDate "2021.11.06"]
[EventType "team-tourn"]
[EventCountry "AUT"]
[SourceTitle "playchess.com"]
[Source "ChessBase"]
[SourceQuality "1"]
[TimeControl "40/5400+30:1800+30"]

1. e4 {[%emt 0:00:02]} e6 {[%emt 0:00:09]} 2. d4 {[%emt 0:00:06]} d5 {[%emt 0:00:13]} 3. e5 {[%emt 0:00:14]} c5 {[%emt 0:00:19]} 4. c3 {[%emt 0:00:08]} Nc6 {[%emt 0:00:26]} 5. Nf3 {[%emt 0:00:09]} Qb6 {[%emt 0:00:33]} 6. b3 {[%emt 0:14:50]} Bd7 {[%emt 0:04:44]} 7. Be3 {[%emt 0:03:17]} Rc8 {[%emt 0:06:37]} 8. Nbd2 {[%emt 0:08:22]} cxd4 {[%emt 0:10:31]} 9. cxd4 {[%emt 0:04:46]} Nb4 {[%emt 0:01:38]} 10. Rc1 {[%emt 0:08:11]} Rxc1 {[%emt 0:01:50]} 11. Qxc1 {[%emt 0:01:48]} Nxa2 {[%emt 0:01:06]} 12. Qb2 {[%emt 0:05:14]} Nb4 {[%emt 0:00:47]} 13. Be2 {[%emt 0:04:03]} Bb5 {[%emt 0:03:08]} 14. Bxb5+ {[%emt 0:14:40]} Qxb5 {[%emt 0:00:28]} 15. Qc3 {[%emt 0:05:15]} Nc6 {[%emt 0:03:20]} 16. Ng1 {[%emt 0:04:42]} Bb4 {[%emt 0:01:29]} 17. Qc2 {[%emt 0:01:21]} Nge7 {[%emt 0:02:03]} 18. Ne2 {[%emt 0:10:03]} Nf5 {[%emt 0:02:40]} 19. Qd1 {[%emt 0:06:54]} Qa5 {[%emt 0:02:20]} 20. Bf4 {[%emt 0:02:06]} Nfxd4 {[%emt 0:01:24]} 21. Nxd4 {[%emt 0:01:01]} Nxd4 {[%emt 0:00:34]} 22. O-O {[%emt 0:00:41]} Qb5 {[%emt 0:02:20]} 23. Re1 {[%emt 0:01:16]} Qd3 {[%emt 0:05:21]} 24. Bg5 {[%emt 0:02:11]} Bxd2 {[%emt 0:03:31]} 25. Bxd2 {[%emt 0:00:19]} Nxb3 {[%emt 0:02:12]} 26. Re2 {[%emt 0:01:17]} O-O {[%emt 0:04:03]} 27. h3 {[%emt 0:00:11]} Rc8 {[%emt 0:02:13]} 28. Re1 {[%emt 0:00:46]} Qxd2 {[%emt 0:00:36]} 0-1